| 000 | 00930cam a22002771 4500 | ||
|---|---|---|---|
| 001 | gs 61000032 | ||
| 003 | DLC | ||
| 005 | 20260227111410.0 | ||
| 008 | 720222s1959 xx 000 0 eng | ||
| 010 | _ags 61000032 | ||
| 035 | _a(OCoLC)245768 | ||
| 040 |
_aDLC _cOAkU _dDLC |
||
| 042 | _apremarc | ||
| 050 | 0 | 0 |
_aQE185 _b.A43 no. 55 |
| 100 | 1 |
_aRice, H. M. A. _q(Harington Molesworth Anthony), _d1900-1970. |
|
| 245 | 1 | 0 | _aFossil Bibionidae (Diptera) from British Columbia. |
| 260 |
_a[Ottawa] _bDept. of Mines and Technical Survey, Canada _c[1959] |
||
| 300 |
_ax, 37 p. _billus., plates, map, tables |
||
| 490 | 1 |
_aGeological Survey of Canada. Bulletin _v55 |
|
| 500 | _aAbstract in English and French. | ||
| 504 | _aBibliograhy: p. 19. | ||
| 650 | 0 | _aBibionidae, Fossil. | |
| 650 | 0 |
_aPaleontology _zBritish Columbia. |
|
| 650 | 0 |
_aPaleontology _yTertiary. |
|
| 830 | 0 |
_aBulletin (Geological Survey of Canada) ; _v55. |
|
| 999 |
_c29512 _d29512 |
||